00797nam a2200181 a 450000100100000000500170001000800410002704000250006824500770009324600630017026000690023330000200030249000290032283000360035195201050038795201060049299900170059800003744920200930080357.0120418s1997 dr 000 0 spa d aDO-SdBNPbspacBNPHU00aInforme sobre costo de producción de RUBROS fomentados por el PROAGRO.14aCosto de producción de RUBROS fomentados por el PROAGRO. aSanto Domingo :bJunta Agroempresarial Dominicana, (JAD),c1997. a75 p. ;c29 cm.1 aDocumentos técnicose2 0aDocumentos técnicose2915124 0010718PDaGRbGRcCTd2012-04-18iLF1l0o p37449-10r2020-06-25w2020-06-25yLFPDZNo se presta 00107-18PDaPDbPDcOId2012-04-18iLF1l0o p37450-10r2020-06-25w2020-06-25yLFPDZNo se presta c36939d36939